000 00361nam a2200145Ia 4500
008 230711s9999||||xx |||||||||||||| ||und||
041 _aENG
082 _a624
_bBR-E
100 _aBridge ,Mc
245 0 _aEnvironmental Chemistry of soil
250 _a1st Ed.
260 _c1994
_aNew Delhi
_bOxford University Press
650 _aCivil Engineering
942 _cBK
999 _c3084
_d3084